HAPI. Hispanic American periodicals index /

Spremljeno u:
Bibliografski detalji
Glavni autor: Barbara G. valk
Autori kompanije: UCLA, Latin American Center Publications University of California, Los Angeles
Daljnji autori: Ludwig Lauerhass, JR. ed
Format: Tekst
Izdano: California: UCLA
Oznake: Dodaj oznaku
Bez oznaka, Budi prvi tko označuje ovaj zapis!

MARC

LEADER 00000 a a2200000 04500
001 23408
003
040
020 |a 0-87903-401-7  
090 |a 161900  
100 |a Barbara G. valk  
110 |a UCLA  
245 |a HAPI. Hispanic American periodicals index /  |c UCLA  
260 |a California:   |b UCLA  
300 |a 608 p  
700 |a Ludwig Lauerhass, JR.   |a ed.  
710 |a Latin American Center Publications   |a University of California, Los Angeles  
999 |c 12753  |d 12753